| 000 | 00384nam a22001697a 4500 | ||
|---|---|---|---|
| 003 | OSt | ||
| 005 | 20211228154854.0 | ||
| 008 | 211228b |||||||| |||| 00| 0 eng d | ||
| 020 | _a8183330118 | ||
| 040 | _cHU | ||
| 082 | _a005.133 | ||
| 100 |
_aDav Amita _925812 |
||
| 245 | _aProgramming In Java | ||
| 260 |
_aNew Delhll _bNew Delhll |
||
| 300 | _f294 | ||
| 942 |
_2ddc _cBOOKS _n0 |
||
| 999 |
_c24716 _d24716 |
||